003660000a220007300045001000029000002450189000293000051002187730023002691 aFerguson, Chris (1955- )10aDisculpa, perdón y reconciliación : Un tiempo para "hablar desde la amargura". Un tiempo para la solidaridad. Testimonio de un proceso de reconciliación en el contexto canadiense aVol. 11, Num. 1 (Junio, 1991), Páginas 10-120 tVida y pensamiento